000
00251nam a22001217a 4500
003
SGT
082
_b
SHA
100
_a
SHARMA, RAJNI
245
_a
SAMKALIN BHART OR SHIKSA
260
_a
DELHI
_b
SHIKSHA PUB.
_c
2019
300
_a
261
942
_2
ddc
_c
BK
999
_c
19931
_d
19931